000 00638cam a22002293a 4500
001 6978
003 PGUSA
005 20140828083139.0
008 041101s2004||||xxu|||||s|||||000 | eng d
040 _aPGUSA
_beng
042 _adc
050 4 _aTX
100 1 _aRorer, Sarah Tyson Heston,
_d1849-1937
245 1 0 _aMade-Over Dishes
_h[electronic resource] /
_cSarah Tyson Heston Rorer
260 _bProject Gutenberg,
_c2004
506 _aPublic domain in the USA.
516 _aElectronic text
653 _aCooking, American
830 0 _aProject Gutenberg
_v6978
856 4 0 _uhttp://www.gutenberg.org/ebooks/6978
942 _cEB
999 _c236298
_d236298